| 000 | 01195nam a2200373 4500 | ||
|---|---|---|---|
| 001 | 0002107 | ||
| 003 | DO-SdBPM | ||
| 005 | 20251103073414.0 | ||
| 007 | ta | ||
| 008 | 881115s1992 sp a 000 spa | ||
| 017 |
_a _b |
||
| 020 | _a8471767732 | ||
| 035 | _a | ||
| 040 |
_aDO-SdBPM _bspa _cBPMSU _e rda |
||
| 041 | 1 |
_aspa _h |
|
| 082 | 4 |
_a813.5 _bP119o 1992 _222 |
|
| 100 | 1 |
_aPackard, Edward _d1931- _eautor |
|
| 240 | 1 | 0 |
_aHiperespace _lEspañol |
| 245 | 1 | 0 |
_aOdisea en el hiperespacio / _cEdward Packard ; ilustraciones Anthony Kramer ; traducción, H. González Trejo, Iris Menéndez _h |
| 264 |
_aBarcelona : _bEditorial Timun Mas, _c1992 |
||
| 300 |
_a116 páginas : _bilustraciones ; _c18 cm |
||
| 336 |
_atexto _btxt _2rdacontent |
||
| 337 |
_asin mediación _bn _2rdamedia |
||
| 338 |
_avolumen _bnc _2rdacarrier |
||
| 490 | 0 |
_aElige tu propia aventura, _v22 |
|
| 500 | _a | ||
| 590 | _aInventariado, 2025/VM | ||
| 650 | 7 | _aCuentos juveniles estadounidenses. | |
| 650 | 7 | _aCuentos de aventuras | |
| 700 | 1 |
_aKramer, Anthony, _etraductor |
|
| 700 | 1 |
_aMenéndez, Iris, _etraductor |
|
| 910 | _aVMateo V. Control de calidad BPMSU | ||
| 942 |
_2ddc _cBK |
||
| 999 |
_c11054 _d11054 |
||